000 00915nam a2200265 a 4500
001 BRCA_236
005 20190320202930.0
008 921229s1992 mx-a---##b---#000-0#spa-#
020 _a9687193077
040 _aDLC
_cDLC
041 _aspaeng
050 4 _aNA5253
_b.F47 1992
100 1 _aFernández, Miguel Ángel
_9820
245 1 0 _aLa Jerusalen indiana
_blos conventos-fortaleza mexicanos del siglo XVI
_cMiguel Ángel Fernández ; editor Mario de la Torre.
260 _a[México]
_bSmurfit Cartón y Papel de México
_c1992
300 _a228 p.
_bil. a color
_c31 cm.
504 _aBibliografía: p. 228
546 _aTexto en español e inglés
650 1 4 _aOrdenes religiosas
_zMéxico
_9821
650 1 4 _aMonasterios
_zMéxico
_9822
650 1 4 _aArquitectura religiosa
_ySiglo XVI
_zMéxico
_9823
651 4 _aMéxico
_xHistoria eclesiástica
_9824
700 1 _aTorre, Mario de la
_9825
942 _2lcc
_cB
999 _c193
_d193